000 00328nam a2200145Ia 4500
008 230917s9999||||xx |||||||||||||| ||und||
040 _e136949
_aMAIN
041 _aEnglish
082 _a519.5 G643B
100 _aGoon, A M
245 0 _aBasic statistics
260 _aCalcutta
_bWorld Press
300 _a536 p.
942 _cBK
999 _c47766
_d47766